000 00304nam a2200133Ia 4500
100 _aThirkell/C.H/ Ingham/E. ed.
942 _cBK
654 _aEngine & Boiler
245 _aEngine & Boiler Accessories
260 _bThe Bennett College
_aSheffield
300 _a262
546 _aENGLISH
999 _c20166
_d20166